Statistics for Flamengo Best Scorer By Year

Click here to take the quiz!

General Stats

  • This quiz has been taken 318 times
    (179 since last reset)
  • The average score is 12 of 46

Answer Stats

Player% Correct
Gabriel Barbosa
92%
Pedro
92%
Zico
90%
Adriano
77%
Romário
67%
Hernane
62%
Diego
55%
Paolo Guerrero
53%
Michael
49%
Dejan Petković
47%
Nunes
47%
Vagner Love
47%
Lucas Paquetá
42%
Léo Júnior
40%
Renato
40%
Bebeto
35%
Renato Gaúcho
32%
Deivid
30%
Obina
29%
Sávio
28%
Tita
21%
Souza
19%
Gaúcho
18%
Alan Patrick
12%
Edílson
12%
Eduardo da Silva
12%
Ibson
12%
Júan
11%
Marcelinho Carioca
9%
Cláudio Adão
7%
Diego Maurício
7%
Liédson
7%
Dimba
6%
Reinaldo
5%
Fio Maravilha
4%
Walter Casagrande
4%
Nélio
2%
Bujica
1%
Luisinho
1%
Ademar Pantera
0%
Bianchini
0%
Dionísio
0%
Kita
0%
Radar
0%
Rodrigues Neto
0%
Samarone
0%

Score Distribution

Percentile by Number Answered

Percent of People with Each Score

Your Score History

You have not taken this quiz since the last reset